[Event "IBM-B"]
[Site "Amsterdam"]
[Date "1971.??.??"]
[Round "3"]
[White "Malich, Burkhard"]
[Black "Zuidema, Coenraad"]
[Result "1/2-1/2"]
[WhiteElo "2450"]
[BlackElo "2430"]

1.d4 Nf6 2.c4 e6 3.Nf3 Bb4+ 4.Nbd2 d5 5.e3 O-O 6.Bd3 b6 7.O-O Bb7 8.cxd5 exd5
9.Ne5 Bd6 10.b3 c5 11.Bb2 Qe7 12.Re1 Nc6 13.Nxc6 Bxc6 14.Rc1 Rac8 15.Qe2 Rfe8
16.Nf3 Bb7 17.Ba6 Bxa6 18.Qxa6 Ne4 19.dxc5 bxc5 20.Qd3 Qe6 21.Red1 Red8 22.Qc2 Be7
23.Nd2 Nxd2 24.Qxd2 Bf6 25.Bxf6  1/2-1/2

[Event "HUN-ch"]
[Site "Budapest"]
[Date "1971.??.??"]
[Round "13"]
[White "Farago, Ivan"]
[Black "Dely, Peter"]
[Result "1/2-1/2"]
[WhiteElo "2410"]
[BlackElo "2480"]

1.d4 Nf6 2.c4 e6 3.Nf3 Bb4+ 4.Nbd2 b6 5.g3 Bb7 6.Bg2 c5 7.a3 Bxd2+ 8.Qxd2 cxd4
9.Qxd4 Nc6 10.Qh4 Rc8 11.Bg5 Na5 12.Rc1 Nb3 13.Rd1 b5 14.cxb5 Qa5+ 15.Qb4 Qxb4+
16.axb4 Rc4 17.O-O Rxb4 18.Be3 Rxb5 19.Bxa7 O-O 20.Nd4 Nxd4 21.Bxd4 Bxg2
22.Kxg2 e5 23.Bc3 Rd8 24.Rd3 Kf8 25.h3 Ne4 26.Rfd1  1/2-1/2

[Event "BCF-ch"]
[Site "Brighton"]
[Date "1972.08.19"]
[Round "6"]
[White "Keene, Raymond D"]
[Black "Williams, Arthur H"]
[Result "1/2-1/2"]
[WhiteElo "2435"]
[BlackElo "2390"]

1.d4 Nf6 2.c4 e6 3.Nf3 Bb4+ 4.Nbd2 b6 5.e3 c5 6.a3 Bxd2+ 7.Qxd2 O-O 8.Be2 d6
9.O-O Nc6 10.b4 Qe7 11.Bb2 Bb7 12.dxc5 dxc5 13.b5 Na5 14.Qc3 Rfd8 15.Rad1 Ne8
16.Bd3 Bxf3 17.gxf3 Qh4 18.Be2 f6 19.Rxd8 Rxd8 20.Qc2 Qg5+ 21.Kh1  1/2-1/2

[Event "WchT U26"]
[Site "Graz"]
[Date "1972.??.??"]
[Round "4"]
[White "Huss, Andreas"]
[Black "Karlsson, Peter"]
[Result "1/2-1/2"]
[WhiteElo "2360"]
[BlackElo "2200"]

1.d4 Nf6 2.c4 e6 3.Nf3 Bb4+ 4.Nbd2 b6 5.a3 Bxd2+ 6.Qxd2 Bb7 7.e3 O-O 8.b4 c5
9.Bb2 d5 10.Bd3 dxc4 11.Bxc4 Nbd7 12.O-O Rc8 13.Qe2 Rc7 14.dxc5 bxc5 15.b5 Qe7
16.Rfd1 e5 17.Nd2 e4 18.Nf1 Ne5 19.Ng3 g6 20.Rd2 h5 21.h3 h4 22.Nf1 Nf3+
23.gxf3 exf3 24.Qd3 Ne4 25.Nh2 Qg5+ 26.Ng4 Kh7 27.Kh2 f5 28.Qd7+ Qe7 29.Qxe7+ Rxe7
30.Rad1 fxg4 31.Rd7 g3+ 32.Kg1 gxf2+ 33.Kf1 Ng3+ 34.Kxf2 Ne4+ 35.Kg1 f2+
36.Kh2 Re8 37.Rxe7+ Rxe7 38.Rd8 g5 39.Be2 Rf7 40.Rh8+ Kg6 41.Bh5+ Kf5 42.Bg4+ Kg6
43.Bh5+  1/2-1/2

[Event "WchT U26"]
[Site "Graz"]
[Date "1972.??.??"]
[Round "7"]
[White "Vilela, Jose Luis"]
[Black "Markland, Peter R"]
[Result "1/2-1/2"]
[WhiteElo "2260"]
[BlackElo "2420"]

1.d4 Nf6 2.c4 e6 3.Nf3 Bb4+ 4.Nbd2 d5 5.e3 O-O 6.a3 Be7 7.b4 dxc4 8.Nxc4 b6
9.Be2 Bb7 10.O-O Nbd7 11.Bb2 c5 12.dxc5 bxc5 13.b5 Nd5 14.Qd2 Rc8 15.Rfd1 N7f6
16.Qc2 Qe8 17.Na5 Ba8 18.Ne5 Bd8 19.Nac6 Bb6 20.Nc4 Rxc6 21.bxc6 Bxc6 22.Nxb6 axb6
23.Qc4 Qe7 24.Qh4 e5 25.a4 h6 26.Bb5 Ba8 27.Qg3 e4 28.Rd2 Rc8 29.Bc4 Nb4
30.Rad1 Nd3 31.Bxd3 exd3 32.Rxd3 Bc6 33.Qh4 Nd5 34.Qxe7 Nxe7 35.Rd8+ Rxd8
36.Rxd8+ Kh7 37.Rb8 Nd5 38.e4 Nf4 39.Rxb6 Bxa4 40.g3 Nh3+ 41.Kg2 Ng5 42.f3 Bd1
43.Kf2 Nxf3 44.Rd6 Nd4 45.Bxd4 cxd4 46.Rxd4 Bb3 47.Rd6 g6 48.Ke3 Kg7 49.Kf4 Bc4
50.Ke5 Bb3 51.Kd4 Ba2 52.e5 Bb3 53.Kc5 Ba2 54.Ra6 Bb3 55.Kd6 Bc4 56.Rc6 Be6
57.Ke7 Bd5 58.Rf6 Bb3 59.g4 g5 60.Kd6 Bd1 61.h3 Bb3 62.Kc5 Ba2 63.Kd4 Bb3
64.Ke3 Bc4 65.Kf3 Bd5+ 66.Kg3 Bc4 67.h4 gxh4+ 68.Kxh4 Be6 69.Kh5 Bd7 70.Rf2 Ba4
71.g5 hxg5 72.Kxg5 Bb3 73.Rg2 f6+ 74.exf6+ Kf7 75.Re2 Bc4 76.Rc2 Bd5 77.Rc7+ Kf8  1/2-1/2

[Event "Skopje ol (Men) prel"]
[Site "Skopje"]
[Date "1972.??.??"]
[Round "1"]
[White "Bobotsov, Milko G"]
[Black "Taha, A."]
[Result "1-0"]
[WhiteElo "2455"]
[BlackElo "2200"]

1.d4 Nf6 2.c4 e6 3.Nf3 Bb4+ 4.Nbd2 c5 5.a3 Bxd2+ 6.Qxd2 cxd4 7.Nxd4 Nc6 8.Nxc6 bxc6
9.Qd6 Qe7 10.Qxe7+ Kxe7 11.c5 a5 12.f3 Ba6 13.Bf4 Ne8 14.O-O-O f6 15.Bg3 e5
16.f4 e4 17.Rd4 f5 18.Bh4+ Ke6 19.g4 g6 20.gxf5+ gxf5 21.Bh3 d5 22.cxd6 Nxd6
23.Rhd1 Rhd8 24.Bxd8 Rxd8 25.Rxd6+ Rxd6 26.Bxf5+ Ke7 27.Rxd6 Kxd6 28.Kd2 h6
29.Bxe4 Bc8 30.Bc2 Kd5 31.Kc3 Bg4 32.e4+ Kc5 33.b4+ axb4+ 34.axb4+ Kb6 35.Kd4 Be2
36.e5 Kc7 37.Be4 Bb5 38.f5 Kd7 39.Kc5 Ba4 40.f6 Ke6 41.Bxc6 Bb3 42.b5 Kxe5
43.b6  1-0

[Event "Skopje ol (Men) fin-B"]
[Site "Skopje"]
[Date "1972.??.??"]
[Round "13"]
[White "Hernandez, Roman"]
[Black "Watzka, Horst"]
[Result "1-0"]
[WhiteElo "2360"]
[BlackElo "2200"]

1.d4 Nf6 2.c4 e6 3.Nf3 Bb4+ 4.Nbd2 d5 5.e3 O-O 6.a3 Be7 7.b3 b6 8.Bd3 Bb7
9.O-O Nbd7 10.Bb2 c5 11.Rc1 Qb8 12.Bb1 Rc8 13.Qe2 cxd4 14.exd4 Qf4 15.Rfe1 Rd8
16.Rc3 Rac8 17.Ne5 Nxe5 18.dxe5 Ne4 19.Nxe4 dxe4 20.g3 Qxe5 21.Re3 Qg5 22.h4 Qf5
23.Bxe4 Bxe4 24.Rxe4 Bf8 25.g4 Qc5 26.h5 h6 27.Re5 Qd6 28.g5 hxg5 29.Rxg5 Rc5
30.Rg3 Qf4 31.Be5 Qh4 32.Rg4 Qh3 33.Rg3 Qh4 34.Qf3 Rd2 35.b4 Rxc4 36.Bf6 Qxg3+
37.Qxg3 Kh7 38.Be5 Rd5 39.Kf1 a5 40.bxa5 bxa5  1-0

[Event "Skopje ol (Men) fin-C"]
[Site "Skopje"]
[Date "1972.??.??"]
[Round "14"]
[White "Belkadi, Ridha"]
[Black "German, Eugenio Maciel"]
[Result "1/2-1/2"]
[WhiteElo "2300"]
[BlackElo "2200"]

1.d4 Nf6 2.c4 e6 3.Nf3 Bb4+ 4.Nbd2 O-O 5.a3 Bxd2+ 6.Qxd2 d6 7.b4 b6 8.e3 Bb7
9.Be2 Nbd7 10.Bb2 a5 11.O-O Ne4 12.Qc2 f5 13.Rad1 Qe7 14.d5 e5 15.Ne1 Nef6
16.f3 Kh8 17.e4 fxe4 18.fxe4 c5 19.b5 Rf7 20.Bc1 Raf8 21.Nf3 Ng8 22.Qd3 Bc8
23.Rf2 h6  1/2-1/2

[Event "Teeside"]
[Site "Teeside"]
[Date "1972.??.??"]
[Round "7"]
[White "Gheorghiu, Florin"]
[Black "Cafferty, Bernard"]
[Result "1/2-1/2"]
[WhiteElo "2530"]
[BlackElo "2440"]

1.d4 Nf6 2.c4 e6 3.Nf3 Bb4+ 4.Nbd2 b6 5.e3 O-O 6.Bd3 d5 7.O-O c5 8.Nb3 b5
9.a3 bxc4 10.axb4 cxb4 11.Be2 Qb6 12.Qe1  1/2-1/2

[Event "Hoogovens-B"]
[Site "Wijk aan Zee"]
[Date "1972.??.??"]
[Round "?"]
[White "Sahovic, Dragutin"]
[Black "Cafferty, Bernard"]
[Result "1-0"]
[WhiteElo "2345"]
[BlackElo "2370"]

1.d4 Nf6 2.c4 e6 3.Nf3 Bb4+ 4.Nbd2 b6 5.a3 Bxd2+ 6.Bxd2 Bb7 7.e3 O-O 8.Be2 d6
9.O-O Nbd7 10.Be1 c5 11.b4 Ne4 12.Qd3 Qe7 13.Nd2 Nxd2 14.Qxd2 Rfd8 15.f3 Rac8
16.Bf2 h6 17.Rfe1 Nf8 18.e4 cxd4 19.Bxd4 e5 20.Be3 Rc7 21.a4 Ne6 22.a5 bxa5
23.Rxa5 Bc8 24.Rea1 Rdd7 25.Bf1 a6 26.Rd1 Bb7 27.Bb6 Rc6 28.Ba7 Bc8 29.Be3 Kh7
30.b5 axb5 31.cxb5 Rc5 32.Bxc5 dxc5 33.Qe1 Nd4 34.Raa1 c4 35.Qc3 Qc5 36.Kh1 Rc7
37.Rac1 Nxb5 38.Qa5  1-0

[Event "Nice olm fin-B"]
[Site "Nice"]
[Date "1974.??.??"]
[Round "4"]
[White "Belkadi, Ridha"]
[Black "Dueckstein, Andreas"]
[Result "1/2-1/2"]
[WhiteElo "2340"]
[BlackElo "2410"]

1.d4 Nf6 2.c4 e6 3.Nf3 Bb4+ 4.Nbd2 c5 5.e3 d5 6.cxd5 exd5 7.Bd3 O-O 8.O-O Nc6
9.a3 Bxd2 10.Bxd2 c4 11.Bc2 Bg4 12.Qb1 Re8 13.Bc3 b5 14.Ne5 Qc8 15.f3 Bh5
16.e4  1/2-1/2

[Event "Sombor"]
[Site "Sombor"]
[Date "1974.??.??"]
[Round "12"]
[White "Gulko, Boris F"]
[Black "Damjanovic, Mato"]
[Result "1-0"]
[WhiteElo "2435"]
[BlackElo "2460"]

1.d4 Nf6 2.c4 e6 3.Nf3 Bb4+ 4.Nbd2 O-O 5.a3 Bxd2+ 6.Qxd2 b6 7.g3 Bb7 8.Bg2 d6
9.O-O Nbd7 10.b4 a5 11.b5 Re8 12.Bb2 Qe7 13.Rae1 Nf8 14.d5 Ne4 15.Qd1 exd5
16.cxd5 Qd7 17.Qd3 Nc5 18.Qc3 f6 19.Nd4 Ne4 20.Bxe4 Rxe4 21.f3 Re5 22.e4 Rae8
23.Rc1 R5e7 24.Rf2 Qh3 25.Rfc2 Ng6 26.Qd2 Ne5 27.Rxc7 h5 28.Rxe7 Rxe7 29.Qe3 h4
30.Nf5 hxg3 31.hxg3 Rd7 32.Bxe5 dxe5 33.Rc2 Bxd5 34.Rh2  1-0

[Event "URS-ch otbor"]
[Site "Cheliabinsk"]
[Date "1975.??.??"]
[Round "?"]
[White "Platonov, Igor V"]
[Black "Popov, N."]
[Result "1-0"]
[WhiteElo "2455"]
[BlackElo "2400"]

1.d4 Nf6 2.c4 e6 3.Nf3 Bb4+ 4.Nbd2 b6 5.e3 Bb7 6.Bd3 O-O 7.O-O d5 8.a3 Bd6
9.Qc2 Nbd7 10.e4 dxe4 11.Nxe4 Nxe4 12.Bxe4 Bxe4 13.Qxe4 Nf6 14.Qe2 h6 15.Rd1 c6
16.b3 Qe7 17.Bb2 Rfd8 18.a4 Rac8 19.Rd3 a6 20.Rad1 b5 21.Ne5 Nd7 22.Ng4 Nf8
23.g3 bxc4 24.bxc4 Rb8 25.Bc3 Bb4 26.Ne5 Rdc8 27.Qe4 Bxc3 28.Rxc3 Qd6 29.c5 Qd5
30.Qc2 Rb4 31.Nc4 Rd8 32.Nb6 Qh5 33.Rcd3 Nd7 34.Rb1 Rxb1+ 35.Qxb1 Qf5 36.Rd1 Qxb1
37.Rxb1 Nf6 38.Rd1 e5 39.d5 Nxd5 40.Rxd5 cxd5 41.c6 Kf8 42.c7 Re8 43.c8=Q Rxc8
44.Nxc8 Ke8 45.Nd6+ Kd7 46.Nf5 g6 47.Nxh6 Ke6 48.g4 f5 49.g5 e4 50.h4 f4
51.Kf1 f3 52.Ke1 d4 53.Ng4 Kf5 54.Nf6 e3 55.fxe3 dxe3 56.Nd5 e2 57.Nf6  1-0

[Event "URS-chT"]
[Site "Riga"]
[Date "1975.??.??"]
[Round "?"]
[White "Chukaev, Egor"]
[Black "Susterman, Lazar"]
[Result "0-1"]
[WhiteElo "2200"]
[BlackElo "2200"]

1.d4 Nf6 2.c4 e6 3.Nf3 Bb4+ 4.Nbd2 b6 5.e3 Bb7 6.Bd3 O-O 7.O-O c5 8.dxc5 Bxc5
9.Qe2 d5 10.Rd1 Nbd7 11.b3 Be7 12.Bb2 Nc5 13.Bc2 Rc8 14.Rac1 Qe8 15.Ne5 Ncd7
16.Ndf3 Nxe5 17.Nxe5 dxc4 18.Nxc4 Qb5 19.Bd3 Qg5 20.f4 Qh4 21.Bd4 Rfd8 22.Ne5 Nd5
23.Qf3 Ba3 24.Rc4 Qe7 25.Qg3 f5 26.Rxc8 Rxc8 27.Nc4 Bc5 28.Re1 Nf6 29.Bb2 Rd8
30.Ne5 Ne4 31.Qh3 Bd6 32.Bf1 Bxe5 33.Bxe5 Nd2 34.Be2 Ne4 35.Bd4 Rc8 36.Bc4 Nd6
37.Bd3 Be4 38.Bf1 Rc2 39.Ra1 Bd5 40.Qh5 Ne4 41.Qd1 Qc7 42.b4 h6 43.a4 Nf2
44.Qe1 Be4 45.b5 Nd3 46.Qg3 Nc1 47.Qe1 Nb3 48.Be5 Qb7 49.Ra3 Rc1 50.Qe2 Qd5
51.Bd4 Nxd4 52.exd4 Qxd4+ 53.Re3  0-1

[Event "URS-chT"]
[Site "Riga"]
[Date "1975.??.??"]
[Round "?"]
[White "Govashelishvili, Genadij"]
[Black "Petrosian, Arshak B"]
[Result "1/2-1/2"]
[WhiteElo "2200"]
[BlackElo "2320"]

1.Nf3 Nf6 2.d4 e6 3.c4 Bb4+ 4.Nbd2 O-O 5.e3 d6 6.Bd3 e5 7.O-O Bxd2 8.Nxd2 Nc6
9.d5 Ne7 10.f3 c6 11.Ne4 Nxe4 12.Bxe4 cxd5 13.cxd5 Qb6 14.Kh1 Bd7 15.Bc2 Rac8
16.Bb3 Bb5 17.Re1 f5 18.e4 f4 19.Bd2 Rf6 20.Bc3 Ng6 21.Qd2 Qd8 22.Qf2 Rf7
23.Rec1 a6 24.Bb4 Rxc1+ 25.Rxc1 Rc7 26.Rxc7 Qxc7 27.Qc2 Qb6 28.Be1 Bd7 29.Bf2 Qb4
30.Qc3 Qxc3 31.bxc3 b5 32.Ba7 Kf7 33.Bb8 Ke7 34.g3 fxg3 35.hxg3 Be8 36.Kg2 h5
37.Ba7 h4 38.Be3 hxg3 39.Bg5+ Kf7 40.Kxg3 Nf8 41.f4 Nd7  1/2-1/2

[Event "URS-chT"]
[Site "Riga"]
[Date "1975.??.??"]
[Round "?"]
[White "Lakiunajte, S."]
[Black "Rozhlapa, V."]
[Result "1/2-1/2"]
[WhiteElo "2200"]
[BlackElo "2000"]

1.d4 Nf6 2.c4 e6 3.Nf3 Bb4+ 4.Nbd2 O-O 5.e3 d5 6.Be2 b6 7.O-O Bb7 8.Qc2 Nbd7
9.b3 Bd6 10.Bb2 c5 11.Ne5 Qc7 12.Ndf3 Rac8 13.Rac1 dxc4 14.Nxd7 Qxd7 15.Qxc4 Bd5
16.Qb5 Qxb5 17.Bxb5 Bxf3 18.gxf3 cxd4 19.Bxd4 Ba3 20.Rxc8 Rxc8 21.Bxf6 gxf6  1/2-1/2

[Event "Capablanca mem-A 13th"]
[Site "Cienfuegos"]
[Date "1976.05.19"]
[Round "3"]
[White "Peev, Peicho Chonev"]
[Black "Lebredo, Gerardo"]
[Result "1-0"]
[WhiteElo "2430"]
[BlackElo "2355"]

1.d4 Nf6 2.c4 e6 3.Nf3 Bb4+ 4.Nbd2 O-O 5.a3 Bxd2+ 6.Bxd2 b6 7.g3 Bb7 8.Bg2 d6
9.b4 Nbd7 10.O-O Qe7 11.Bc3 c5 12.Bb2 Be4 13.Qd2 Rac8 14.Rac1 cxb4 15.axb4 d5
16.cxd5 Rxc1 17.Qxc1 Re8 18.Ba3 Qd8 19.dxe6 fxe6 20.Qf4 Qa8 21.Qd6 a6 22.Bh3 Bf5
23.Bxf5 exf5 24.Ne5 Nxe5 25.dxe5 Ne4 26.Qxb6 Nc3 27.Qe3  1-0

[Event "WchT U26 fin-A"]
[Site "Caracas"]
[Date "1976.??.??"]
[Round "3"]
[White "Palatnik, Semon"]
[Black "Schauwecker, Meinrad"]
[Result "1-0"]
[WhiteElo "2480"]
[BlackElo "2340"]

1.d4 Nf6 2.c4 e6 3.Nf3 Bb4+ 4.Nbd2 d5 5.a3 Be7 6.b4 a5 7.b5 b6 8.e3 O-O 9.Qc2 Nbd7
10.Bd3 Bb7 11.cxd5 exd5 12.Ne5 Bd6 13.Bb2 Qe8 14.f4 Kh8 15.O-O Ne4 16.Nxe4 dxe4
17.Bc4 f6 18.Nxd7 Qxd7 19.a4 Rae8 20.Qb3 Re7 21.Ba3 Rd8 22.Rac1 Qe8 23.Rc3 Bxa3
24.Qxa3 Bd5 25.Bxd5 Rxd5 26.Rc6 f5 27.Rfc1 Rdd7 28.Qa2 h6 29.h3 Qh5 30.Kh2 Kh7
31.Qf2 Qf7 32.g4 Rd5 33.Qh4 g6 34.Rf6 Qg7 35.Rcc6 Rf7 36.Rxf7 Qxf7 37.Qf6 Qxf6
38.Rxf6 Kg7 39.Rc6 g5 40.Rxc7+ Kf8 41.Kg3  1-0

[Event "Lone Pine"]
[Site "Lone Pine"]
[Date "1976.??.??"]
[Round "1"]
[White "Sherwin, James T"]
[Black "Petrosian, Tigran V"]
[Result "0-1"]
[WhiteElo "2200"]
[BlackElo "2635"]

1.d4 Nf6 2.c4 e6 3.Nf3 Bb4+ 4.Nbd2 b6 5.e3 Bb7 6.Bd3 c5 7.O-O O-O 8.a3 Bxd2
9.Bxd2 d6 10.b4 Nbd7 11.Bc3 Qc7 12.Rc1 Rfe8 13.Nh4 Rad8 14.f4 Be4 15.Bxe4 Nxe4
16.Bb2 Qb7 17.Qf3 Nf8 18.Rc2 f6 19.Rd1 Rc8 20.f5 cxb4 21.axb4 d5 22.fxe6 Nxe6
23.Qf1 dxc4 24.d5 c3 25.dxe6 cxb2 26.Rxb2 Rxe6 27.Nf5 b5 28.Qf3 g6 29.Qg4 Kh8
30.Nd4 Re7 31.Nxb5 f5 32.Qe2 Qb6 33.Rb3 a6 34.Nd4 Nc3 35.Qc2 Rxe3 36.Rxc3 Rcxc3
37.Qf2 Red3  0-1

[Event "Kringsja"]
[Site "Oslo"]
[Date "1976.??.??"]
[Round "1"]
[White "Niklasson, Christer"]
[Black "Gereben, Erno"]
[Result "1/2-1/2"]
[WhiteElo "2380"]
[BlackElo "2325"]

1.d4 Nf6 2.c4 e6 3.Nf3 Bb4+ 4.Nbd2 O-O 5.e3 b6 6.Bd3 Bb7 7.O-O Bxd2 8.Bxd2 Ne4
9.Bb4 d6 10.Qc2 f5 11.d5 c5 12.dxc6 Nxc6 13.Ba3 Nc5 14.Rad1 g5 15.Bxc5 bxc5
16.Be2 Qe7 17.Rd2 Rfd8 18.Rfd1 Nb4  1/2-1/2

[Event "SWE-ch"]
[Site "SWE"]
[Date "1976.??.??"]
[Round "?"]
[White "Niklasson, Christer"]
[Black "Kinnmark, Ove"]
[Result "1/2-1/2"]
[WhiteElo "2380"]
[BlackElo "2390"]

1.d4 Nf6 2.c4 e6 3.Nf3 Bb4+ 4.Nbd2 d5 5.e3 O-O 6.Bd3 Nbd7 7.O-O c5 8.a3 Bxd2
9.Bxd2 b6 10.b4 cxd4 11.exd4 dxc4 12.Bxc4 Bb7 13.Bf4  1/2-1/2

[Event "Yerevan"]
[Site "Yerevan"]
[Date "1976.??.??"]
[Round "?"]
[White "Grigorian, Karen Ashotovich"]
[Black "Ostojic, Predrag"]
[Result "0-1"]
[WhiteElo "2485"]
[BlackElo "2495"]

1.d4 Nf6 2.c4 e6 3.Nf3 Bb4+ 4.Nbd2 d5 5.e3 O-O 6.a3 Be7 7.Bd3 Nbd7 8.b4 a5
9.b5 c5 10.Bb2 cxd4 11.Bxd4 Nc5 12.Be2 Bd7 13.O-O a4 14.Qc2 dxc4 15.Bxc4 Qa5
16.Bc3 Qc7 17.Qb2 Rfc8 18.Rac1 Qd8 19.Ne5 Qf8 20.Rcd1 Be8 21.Bb4 Nb3 22.Bxe7 Qxe7
23.Nxb3 axb3 24.Ra1 Ne4 25.Rfc1 Qf6 26.f4 Qe7 27.a4 Qc5 28.Qxb3 Qb6 29.Nf3 Nc5
30.Qb4 Nd3 31.Bxd3 Qxe3+ 32.Kf1 Rxc1+ 33.Rxc1 Qxc1+ 34.Kf2 Qa1 35.Qe4 g6
36.Bc2 Qc1 37.Kg3 Rc8 38.Bd3 Rc3 39.Qd4 Rc8 40.Ng5 Qc3 41.Qd6 Qc7 42.Qa3 e5
43.Ne4 exf4+ 44.Kf3 Qe5  0-1

[Event "URS-FL"]
[Site "Baku"]
[Date "1977.??.??"]
[Round "11"]
[White "Bagirov, Vladimir"]
[Black "Rashkovsky, Nukhim N"]
[Result "1/2-1/2"]
[WhiteElo "2480"]
[BlackElo "2510"]

1.d4 Nf6 2.c4 e6 3.Nf3 Bb4+ 4.Nbd2 d5 5.e3 O-O 6.Bd3 c5 7.O-O Nc6 8.dxc5 Bxc5
9.a3 a5 10.Qc2 Bd6 11.Rd1 Qe7 12.b3 Bd7 13.Bb2 h6 14.cxd5 exd5 15.Bf5 Be6
16.Qd3 Rad8 17.Qc2 Rc8 18.Qd3 Rcd8 19.Qc2 Rc8 20.Qd3 Rcd8 21.Qc2  1/2-1/2

[Event "JUG-ch"]
[Site "Zagreb"]
[Date "1977.??.??"]
[Round "1"]
[White "Sahovic, Dragutin"]
[Black "Messing, Hrvoje"]
[Result "0-1"]
[WhiteElo "2460"]
[BlackElo "2425"]

1.d4 Nf6 2.c4 e6 3.Nf3 Bb4+ 4.Nbd2 O-O 5.e3 b6 6.Bd3 Bb7 7.O-O d5 8.a3 Bd6
9.cxd5 exd5 10.b4 Nbd7 11.Bb2 c5 12.bxc5 bxc5 13.Ne5 c4 14.Bc2 Qc7 15.Nxd7 Nxd7
16.Nf3 Nf6 17.Rc1 Qe7 18.a4 Ne4 19.Bxe4 Qxe4 20.Nd2 Qh4 21.g3 Qh3 22.Rb1 Rab8
23.Bc3 Rfe8 24.Qf3 Qd7 25.a5 Bc6 26.Qh5 Bf8 27.Nf3 f6 28.Qh4 Rxb1 29.Rxb1 Re4
30.Qh5 g6  0-1

[Event "HUN-ch"]
[Site "Budapest"]
[Date "1978.??.??"]
[Round "?"]
[White "Petran, Pal"]
[Black "Eperjesi, Laszlo"]
[Result "1/2-1/2"]
[WhiteElo "2400"]
[BlackElo "2395"]

1.d4 Nf6 2.c4 e6 3.Nf3 Bb4+ 4.Nbd2 O-O 5.e3 b6 6.Bd3 Bb7 7.O-O d5 8.a3 Bd6
9.b4 a5 10.c5 Be7 11.Bb2 axb4 12.axb4 Rxa1 13.Qxa1 Ne4 14.Qb1 f5 15.Qc2 Nc6
16.Bc3 bxc5 17.bxc5 Qc8 18.Ra1 Bf6 19.Nb3 Qe8 20.Na5 Bc8 21.Be1 Bd7 22.Nxc6 Bxc6
23.Ne5 Bxe5 24.dxe5 Bb5 25.f3 Bxd3 26.Qxd3 Nxc5 27.Qc2 Nd7 28.Qxc7 Qc8 29.Qd6 Re8
30.h4 h5 31.Kh2 Nf8 32.Ra7 Rd8 33.Qa3 Ng6 34.Bg3 Kh7 35.Qa5 Rd7 36.Ra8 Qc4
37.Qa6 Qxa6 38.Rxa6 Nf8 39.Ra8 Kg8 40.Be1 Rb7 41.Bc3 Kf7  1/2-1/2

[Event "Lone Pine op"]
[Site "Lone Pine"]
[Date "1979.??.??"]
[Round "9"]
[White "Gheorghiu, Florin"]
[Black "Tarjan, James Edward"]
[Result "1-0"]
[WhiteElo "2540"]
[BlackElo "2525"]

1.d4 Nf6 2.c4 e6 3.Nf3 Bb4+ 4.Nbd2 b6 5.e3 Bb7 6.Bd3 c5 7.a3 Bxd2+ 8.Bxd2 O-O
9.Bc3 Ne4 10.Bxe4 Bxe4 11.dxc5 bxc5 12.Qd6 Nc6 13.Qxc5 Rc8 14.Qd6 f6 15.Nd2 Bg6
16.O-O Qc7 17.Qxc7 Rxc7 18.e4 Rb8 19.b4 Bf7 20.b5 Ne5 21.Bxe5 fxe5 22.a4 Kf8
23.Rfc1 Rbc8 24.a5 d6 25.b6 axb6 26.axb6 Rb7 27.c5 Be8 28.f3 Rcb8 29.Nc4 dxc5
30.Ra5 Ke7 31.Rxc5 Bd7 32.Nxe5 Kd6 33.Ra5 Be8 34.Nc4+ Kc6 35.Rd1 Rf7 36.Rd6+ Kb7
37.Ra7+ Kc8 38.Rxe6  1-0

[Event "Stary Smokovec"]
[Site "Stary Smokovec"]
[Date "1979.??.??"]
[Round "?"]
[White "Moehring, Guenther"]
[Black "Adamski, Jan"]
[Result "1/2-1/2"]
[WhiteElo "2400"]
[BlackElo "2415"]

1.d4 Nf6 2.c4 e6 3.Nf3 Bb4+ 4.Nbd2 O-O 5.a3 Bxd2+ 6.Qxd2 d6 7.b3 Nbd7 8.Bb2 Qe7
9.g3 e5 10.Bg2 Re8 11.dxe5 dxe5 12.O-O c5 13.Ne1 e4 14.Nc2 Ne5 15.Ne3 Bd7
16.Rfd1 Neg4 17.Nd5 Nxd5 18.Qxd5 Bc6 19.Qh5 Ne5 20.Qxe5 Qxe5 21.Bxe5 Rxe5
22.Rd6 a5 23.a4 Kf8 24.Rad1 Ke7 25.h4 Re6 26.Rxe6+ Kxe6 27.Kf1 Ke7 28.Bh3 Rd8
29.Rxd8 Kxd8 30.Ke1 Ke7 31.Kd2 Kd6 32.Ke3 Ke5 33.f4+ exf3 34.exf3 f5 35.Bf1 h5
36.Bd3 Bd7 37.Be2 Bc6 38.f4+ Kf6 39.Bxh5 b6 40.Bf3 Be8 41.Kf2 Bd7 42.Kg2 Bc8
43.Kh3 Bd7  1/2-1/2

[Event "URS Spartakiad"]
[Site "URS"]
[Date "1979.??.??"]
[Round "?"]
[White "Bagirov, Vladimir"]
[Black "Slutzky, Leonid"]
[Result "1-0"]
[WhiteElo "2545"]
[BlackElo "2265"]

1.d4 Nf6 2.c4 e6 3.Nf3 Bb4+ 4.Nbd2 O-O 5.e3 b6 6.Bd3 d5 7.O-O Bb7 8.a3 Bd6
9.b4 c5 10.bxc5 bxc5 11.Rb1 Qc7 12.cxd5 exd5 13.dxc5 Bxc5 14.Nb3 Bb6 15.Bb2 Nbd7
16.Rc1 Qd8 17.Bb1 Ba6 18.Re1 Rc8 19.Rxc8 Qxc8 20.Ne5 Nxe5 21.Bxe5 Qe6 22.Bb2 Ne4
23.Qh5 g6 24.Qh6 f6 25.Nd4 Qf7 26.Qh4 Nd6 27.a4 Rc8 28.Qf4 Nc4 29.Ba1 Bc7
30.Qg4 Be5 31.Bf5 Qc7 32.Be6+ Kh8 33.Bxc8 Bxh2+ 34.Kh1 Bxc8 35.Qh4 Be5 36.f4  1-0

[Event "URS Spartakiad"]
[Site "URS"]
[Date "1979.??.??"]
[Round "?"]
[White "Mikhalchishin, Adrian"]
[Black "Mac"]
[Result "1-0"]
[WhiteElo "2480"]
[BlackElo "2200"]

1.d4 Nf6 2.c4 e6 3.Nf3 Bb4+ 4.Nbd2 Ne4 5.e3 Qe7 6.Bd3 Nxd2 7.Nxd2 e5 8.O-O Bxd2
9.Bxd2 d6 10.Qc2 Nc6 11.f4 exd4 12.Rae1 Kf8 13.exd4 Qf6 14.d5 Nd4 15.Qa4 Qd8
16.Be3 Nf5 17.Qc2 Nh6 18.Qf2 Ng4 19.Qg3 h5 20.Re2 h4 21.Qf3 Nf6 22.f5 Bd7
23.Qf4 h3 24.Rf3 hxg2 25.Rxg2 Ne8 26.f6 Nxf6 27.Rxg7  1-0

[Event "URS Spartakiad"]
[Site "URS"]
[Date "1979.??.??"]
[Round "?"]
[White "Fokin, Sergey"]
[Black "Osnos, Viatcheslav"]
[Result "0-1"]
[WhiteElo "2200"]
[BlackElo "2470"]

1.d4 Nf6 2.c4 e6 3.Nf3 Bb4+ 4.Nbd2 b6 5.g3 Bb7 6.Bg2 c5 7.a3 Bxd2+ 8.Qxd2 cxd4
9.Qxd4 Nc6 10.Qf4 Na5 11.b4 Nb3 12.Rb1 Nxc1 13.Rxc1 O-O 14.O-O a5 15.Rfd1 axb4
16.axb4 Ra2 17.Rd2 Ra4 18.Qd6 Qa8 19.Qxb6 Rb8 20.Qd4 Bc6 21.b5 Bxb5 22.Ne5 d5
23.Qc5 Be8 24.cxd5 Ra5 25.Qc7 exd5 26.Bf3 Ra7 27.Qc2 Ne4 28.Rd4 Ba4 29.Qd3 Bb5
30.Qe3 Re7 31.Qf4 Rbe8 32.Ng4 h6 33.Kg2 Qa2 34.Ne3 g5 35.Qf5 Re5 36.Qh3 Nxf2
37.Qxh6 Bxe2 38.Bxd5 Bf3+ 39.Kg1 Bxd5 40.Rc2 Qa1+  0-1

[Event "Buenos Aires"]
[Site "Buenos Aires"]
[Date "1980.??.??"]
[Round "?"]
[White "Najdorf, Miguel"]
[Black "Panno, Oscar"]
[Result "1/2-1/2"]
[WhiteElo "2510"]
[BlackElo "2540"]

1.d4 Nf6 2.Nf3 e6 3.c4 Bb4+ 4.Nbd2 b6 5.e3 Bb7 6.Bd3 c5 7.dxc5 Bxc5 8.O-O O-O
9.a3 d5 10.b4 Be7 11.Bb2 Nbd7 12.Qb1 h6 13.Rd1 Rc8 14.cxd5 Nxd5 15.Nc4 Qc7
16.Qa2 Rfd8 17.Rac1 Qb8 18.Qa1  1/2-1/2

[Event "SWE-ch"]
[Site "?"]
[Date "1980.??.??"]
[Round "?"]
[White "Ornstein, Axel"]
[Black "Svensson, Bengt"]
[Result "0-1"]
[WhiteElo "2450"]
[BlackElo "2200"]

1.d4 Nf6 2.c4 e6 3.Nf3 Bb4+ 4.Nbd2 c5 5.a3 Bxd2+ 6.Bxd2 b6 7.Bg5 h6 8.Bh4 d6
9.e3 O-O 10.Be2 Qe7 11.O-O Re8 12.dxc5 bxc5 13.Qd3 Rd8 14.Rfd1 Nc6 15.Qc3 Bb7
16.Nd2 g5 17.Bg3 Rac8 18.Rac1 Ne8 19.b4 cxb4 20.axb4 a6 21.b5 Nb8 22.Qa3 axb5
23.cxb5 Rxc1 24.Rxc1 Nd7 25.Nc4 e5 26.Qa7 Be4 27.Nb6 Kf8 28.Nc8 Qe6 29.f3 Ndf6
30.Qa6 Qb3 31.Bf2 Qb2 32.Re1 Bf5 33.Na7 Bd7 34.e4 g4 35.b6 gxf3 36.gxf3 Rb8
37.Qa1 Rxb6 38.Bxb6 Qxb6+ 39.Kh1 Qf2 40.Qc1 Qxa7 41.Qxh6+ Ke7 42.Qh4 Nc7
43.f4 Ne6 44.fxe5 dxe5 45.Rf1 Nf4 46.Qg5 Qd4 47.Bf3 Bc6 48.Re1 Qc3 49.Qg3 Qd3
50.Kg1 Kf8 51.Kh1 Nxe4  0-1

[Event "Yerevan"]
[Site "Yerevan"]
[Date "1980.??.??"]
[Round "2"]
[White "Grigorian, Karen Ashotovich"]
[Black "Knezevic, Milorad"]
[Result "1/2-1/2"]
[WhiteElo "2475"]
[BlackElo "2490"]

1.d4 Nf6 2.c4 e6 3.Nf3 Bb4+ 4.Nbd2 d5 5.e3 O-O 6.a3 Be7 7.b4 a5 8.b5 c5 9.bxc6 bxc6
10.c5 Nbd7 11.Bb2 Qc7 12.Bd3 Ba6 13.Bxa6 Rxa6 14.Qc2 Rb8 15.Bc3 Ne8 16.O-O e5
17.e4 exd4 18.Bxd4 Nef6 19.Rfe1 Raa8 20.exd5 Nxd5 21.Qf5 Bf6 22.Ne4 Bxd4
23.Nxd4 Re8 24.Nb5 cxb5 25.Qxd5 Rad8 26.Rad1 h6 27.f3 Nf8 28.Qb3 Qc6 29.Rb1 Nh7
30.Kf1 Rb8 31.Nd6 Rxe1+ 32.Rxe1 Ng5 33.Re5 Ne6 34.f4 a4 35.Qb4 Rd8 36.Qxb5 Qxb5+
37.Nxb5 Rc8 38.f5 Nxc5 39.Nd6 Rd8 40.Nxf7 Kxf7 41.Rxc5 Rd3  1/2-1/2

[Event "Zemun"]
[Site "Zemun"]
[Date "1980.??.??"]
[Round "?"]
[White "Pytel, Krzysztof"]
[Black "Plachetka, Jan"]
[Result "0-1"]
[WhiteElo "2450"]
[BlackElo "2480"]

1.d4 Nf6 2.c4 e6 3.Nf3 Bb4+ 4.Nbd2 O-O 5.e3 d5 6.a3 Bxd2+ 7.Bxd2 b6 8.Bd3 Ba6
9.Qe2 Nbd7 10.O-O c5 11.cxd5 Bxd3 12.Qxd3 exd5 13.dxc5 bxc5 14.Rac1 Qe7 15.Bc3 Rac8
16.Rfd1 Rfd8 17.Qf5 Qe6 18.Qf4 h6 19.h3 Ne4 20.Qg4 Nxc3 21.Rxc3 Nf6 22.Qxe6 fxe6
23.Ne5 Ne4 24.Rb3 Rb8 25.Rxb8 Rxb8 26.f3 Nf6 27.Rd2 Rb3 28.Kf2 Kf8 29.Rc2 Ke7
30.Ke2 c4 31.Nc6+ Kd6 32.Nd4 Rb7 33.b4 a5 34.bxa5 e5 35.a6 Rb6 36.a7 Ra6
37.Nb5+ Kc5 38.Rb2 d4 39.e4 Nd7 40.Rb4 Nb6 41.f4 exf4 42.Nc7 d3+ 43.Kd2 Rxa3
44.Rb5+ Kd4 45.Ne6+ Kxe4 46.Nc5+ Kd5 47.Na6+ Kd4 48.Rxb6 c3+ 49.Ke1 c2 50.Kd2 Ra1
51.Rb4+ Ke5 52.Rb5+ Kf6 53.Rb6+ Kg5 54.a8=Q c1=Q+ 55.Kxd3 Qe3+ 56.Kc4 Rc1+
57.Kb5 Qb3+ 58.Nb4 Qc4+  0-1